000 00667nam a22002057a 4500
005 20150124123422.0
008 120426t mx||||| |||| 00| 0 spa d
020 _a9686009078
050 0 4 _aQA3O3.5.I54
_bL45 1978
100 1 _aleibniz, Gotifredo Guillermo
245 1 0 _aEl Calculo infinitesimal : Origen-polemica /
_cGotifredo Guillermo Leibniz, Isaac Newton ; Int. José Babini.
250 _a1a ed.
260 _aMorelia, Mexico :
_bBalsal,
_c1978
300 _a200 p. :
_bìl. ;
_c17 cm.
504 _aIncluye ìndice
650 7 _2Lemb
_aCalculo infinitesimal
700 1 _aNewton, Isaac,
_ecoaut.
700 1 _aBabini, José,
_ecolab.
942 _2ddc
_cLIB
999 _c30886
_d30886